Statistics for Chicago White Sox Trivia

Click here to take the quiz!

General Stats

  • This quiz has been taken 217 times
  • The average score is 13 of 17

Answer Stats

HintAnswer% Correct
Area of Chicago which the White Sox hail from{South} Side
95%
Basketball player who played for the AA affiliate of the White Sox in 1994Michael Jordan
93%
Nickname of the 1919 team due to allegations of game-fixing during the World SeriesThe Black Sox
92%
Best player on the 1919 team who was subsequently banned for lifeShoeless Joe Jackson
91%
The White Sox had an 87 year drought between World Series titles.
Who was the only team with a longer drought?
Chicago Cubs
90%
Nickname of former player Frank ThomasThe Big Hurt
87%
1989 Kevin Costner movie which featured the above playerField of Dreams
86%
Manager of the White Sox from 1979–1986 and again in 2021–2022Tony La Russa
82%
Stadium of the White Sox from 1910–1990{Comiskey} Park
79%
AL MVP during the pandemic-shortened 2020 seasonJosé Abreu
75%
Catcher for the White Sox from 1981–1993 who previously played with the Red SoxCarlton Fisk
72%
1979 promotion which allowed fans to get a ticket for 98 cents if they
brought a record to destroy
{Disco} Demolition Night
72%
Manager of the 2005 World Series winning teamOzzie Guillén
72%
Third baseman who charged the mound in 1993 and got beaten up by Nolan RyanRobin Ventura
59%
Former pitcher was known as "Black Jack"Jack McDowell
39%
Player who made very brief appearances for the White Sox in 1976 and 1980 so
that he could play in 5 different decades
Minnie Miñoso
37%
Team owner responsible for the above eventBill Veeck
30%

Score Distribution

Percentile by Number Answered

Percent of People with Each Score

Your Score History

You have not taken this quiz